MARC details
| 000 -CABECERA |
| campo de control de longitud fija |
03175nam a2200493 i 4500 |
| 003 - IDENTIFICADOR DEL NÚMERO DE CONTROL |
| campo de control |
DO-SdBNP |
| 005 - FECHA Y HORA DE LA ÚLTIMA TRANSACCIÓN |
| campo de control |
20260306091826.0 |
| 006 - CÓDIGOS DE INFORMACIÓN DE LONGITUD FIJA--CARACTERÍSTICAS DEL MATERIAL ADICIONAL |
| campo de control de longitud fija |
a||||gr|||| 00| 0 |
| 008 - DATOS DE LONGITUD FIJA--INFORMACIÓN GENERAL |
| campo de control de longitud fija |
240725e2024 tr ac||| |||| 00| p spa d |
| 020 ## - NÚMERO INTERNACIONAL ESTÁNDAR DEL LIBRO |
| Número Internacional Estándar del Libro |
9786051367309 |
| 040 ## - FUENTE DE LA CATALOGACIÓN |
| Centro catalogador/agencia de origen |
DO-SdBNP |
| Lengua de catalogación |
spa |
| Centro/agencia transcriptor |
BNPHU |
| Normas de descripción |
rda |
| 041 ## - CÓDIGO DE LENGUA |
| Código de lengua original |
tr |
| 082 #4 - NÚMERO DE LA CLASIFICACIÓN DECIMAL DEWEY |
| Número de clasificación |
RD861.408 |
| Número de documento/Ítem |
S464p |
| Número de edición |
22 |
| 242 ## - TÍTULO TRADUCIDO POR EL CENTRO/AGENCIA CATALOGADOR |
| Título |
|
| 245 00 - MENCIÓN DE TÍTULO |
| Título |
Selección de poemas de autores dominicanos= Dominikli sairlerdern bir secki / |
| Mención de responsabilidad, etc. |
Pedro Mir, Franklin Mieses Burgos, Manuel del Cabral, Norberto James Rawlings, Aída Cartagena Portalatín, René del Risco Bermudez, Salomé Ureña, Virgilio Díaz Ordoñez, Tony Raful, Flavio Amaury Rondón de Jesús, Andrés L. Mateo prólogo, Elvis Antonio Alam Lora. |
| 246 01 - FORMA VARIANTE DE TÍTULO |
| Título propio/Titulo breve |
Dominikli sairlerdern bir secki |
| 264 #1 - PRODUCCIÓN, PUBLICACIÓN, DISTRIBUCIÓN, FABRICACIÓN Y COPYRIGHT |
| Producción, publicación, distribución, fabricación y copyright |
Ankara, Turquía : |
| Nombre del de productor, editor, distribuidor, fabricante |
Universidad de Ankara. Centro de Estudios Latinoamericanos, |
| Fecha de producción, publicación, distribución, fabricación o copyright |
2024 |
| 300 ## - DESCRIPCIÓN FÍSICA |
| Extensión |
x, 170 páginas : |
| Otras características físicas |
ilustraciones, retratos ; |
| Dimensiones |
24 cm |
| 336 ## - TIPO DE CONTENIDO |
| Fuente |
rda content |
| Término de tipo de contenido |
texto |
| Código de tipo de contenido |
txt |
| 337 ## - TIPO DE MEDIO |
| Fuente |
rdamedia |
| Nombre/término del tipo de medio |
sin mediación |
| Código del tipo de medio |
n |
| 338 ## - TIPO DE SOPORTE |
| Fuente |
rdacarrier |
| Nombre/término del tipo de soporte |
volumen |
| Código del tipo de soporte |
nc |
| 490 0# - MENCIÓN DE SERIE |
| Mención de serie |
Publicaciones de la Universidad de Ankara ; |
| Designación de volumen o secuencia |
826 |
| 500 ## - NOTA GENERAL |
| Nota general |
Texto en español y turco |
| 505 ## - NOTA DE CONTENIDO CON FORMATO |
| Nota de contenido con formato |
Presentación.-- Prólogo. |
| Mención de responsabilidad |
Pedro Mir / |
| Título |
Hay un País en el Mundo.-- Ni un Paso Atrás.-- Contracanto a Walt Whitman.-- |
| Mención de responsabilidad |
Franklin Mieses Burgos / |
| -- |
Canción de la Noche Larga.-- Fábula inefable de la niña Loca.-- |
| Título |
Manuel del Cabral / |
| Mención de responsabilidad |
Compadre Mon.-- América Rota.-- |
| Título |
Norberto James Rawlings / |
| Mención de responsabilidad |
Los Inmigrantes.-- No tuvo Libros.-- |
| Título |
Aída Cartagena Portalatín / |
| Mención de responsabilidad |
Una mujer está sola.-- |
| Título |
René del Risco Bermudez / |
| -- |
El viento Frío.-- Una Primavera para el Mundo.-- |
| Mención de responsabilidad |
Salomé Ureña / |
| Título |
Virgilio Díaz Ordoñe / |
| Mención de responsabilidad |
La llegada del Invierno.-- El Acto.-- Coloquio con mi Esqueleto.-- |
| -- |
Tony Raful / |
| Título |
Ante una Mujer Desnuda.-- Mirándote Bailando (Fragmentos).-- Cantatas de la Luna en Cofradías de Bohemios Viandantes.-- |
| Mención de responsabilidad |
Flavio Amaury Rondón de Jesús / |
| Título |
(Tú) Recuerdos del Paraíso.-- La Mujer y el Tiempo.-- Noches sin tí.-- |
| Mención de responsabilidad |
Andrés L. Mateo / |
| Título |
El Margen del Venerable Heráclito |
| 546 ## - NOTA DE LENGUA/LENGUAJE |
| Nota de lengua/lenguaje |
Obra en idioma español y turco. |
| 563 ## - NOTA DE ENCUADERNACIÓN |
| Nota de encuadernación |
Dos obras publicadas juntas con paginación independiente en encuadernación invertida. |
| 590 ## - NOTA LOCAL (RLIN) |
| Nota local |
Inventariado 2024 / MF |
| 650 #7 - PUNTO DE ACCESO ADICIONAL DE MATERIA--TÉRMINO DE MATERIA |
| Término de materia o nombre geográfico como elemento de entrada |
Poesía dominicana |
| Fuente del encabezamiento o término |
LEMB |
| Subdivisión de forma |
Colecciones |
| 650 #7 - PUNTO DE ACCESO ADICIONAL DE MATERIA--TÉRMINO DE MATERIA |
| Término de materia o nombre geográfico como elemento de entrada |
Literatura dominicana |
| Subdivisión de forma |
Colecciones |
| 9 (RLIN) |
7123 |
| 700 1# - PUNTO DE ACCESO ADICIONAL--NOMBRE DE PERSONA |
| Nombre de persona |
Mir, Pedro, |
| Fechas asociadas al nombre |
1913-2000 |
| 9 (RLIN) |
7245 |
| Término indicativo de función/relación |
autor |
| 700 1# - PUNTO DE ACCESO ADICIONAL--NOMBRE DE PERSONA |
| Nombre de persona |
Mieses Burgos, Franklin, |
| Fechas asociadas al nombre |
1907-1976 |
| Término indicativo de función/relación |
autor |
| 9 (RLIN) |
1952 |
| 700 1# - PUNTO DE ACCESO ADICIONAL--NOMBRE DE PERSONA |
| Nombre de persona |
Cabral, Manuel del, |
| Fechas asociadas al nombre |
1907-1999 |
| 9 (RLIN) |
23556 |
| Término indicativo de función/relación |
autor |
| 700 1# - PUNTO DE ACCESO ADICIONAL--NOMBRE DE PERSONA |
| Nombre de persona |
Rawlings, Norberto James, |
| Fechas asociadas al nombre |
1945- |
| 9 (RLIN) |
7206 |
| Término indicativo de función/relación |
autor |
| 700 1# - PUNTO DE ACCESO ADICIONAL--NOMBRE DE PERSONA |
| Nombre de persona |
Cartagena Portalatín, Aída, |
| Fechas asociadas al nombre |
1918-1994 |
| 9 (RLIN) |
23557 |
| Término indicativo de función/relación |
autor |
| 700 1# - PUNTO DE ACCESO ADICIONAL--NOMBRE DE PERSONA |
| Nombre de persona |
Risco Bermúdez, René del, |
| Fechas asociadas al nombre |
1937-1972 |
| 9 (RLIN) |
12315 |
| Término indicativo de función/relación |
autor |
| 700 1# - PUNTO DE ACCESO ADICIONAL--NOMBRE DE PERSONA |
| Nombre de persona |
Ureña de Henríquez, Salomé , |
| Fechas asociadas al nombre |
1850-1897 |
| 9 (RLIN) |
920 |
| Término indicativo de función/relación |
autor |
| 700 1# - PUNTO DE ACCESO ADICIONAL--NOMBRE DE PERSONA |
| Nombre de persona |
Díaz Ordóñez, Virgilio. |
| Fechas asociadas al nombre |
1895-1968 |
| 9 (RLIN) |
86718 |
| 700 1# - PUNTO DE ACCESO ADICIONAL--NOMBRE DE PERSONA |
| Nombre de persona |
Raful, Tony, |
| Fechas asociadas al nombre |
1951- |
| 9 (RLIN) |
1377 |
| 700 1# - PUNTO DE ACCESO ADICIONAL--NOMBRE DE PERSONA |
| Nombre de persona |
Rondon de Jesús, Flavio Amaury |
| Fechas asociadas al nombre |
1972- |
| 9 (RLIN) |
86719 |
| 700 1# - PUNTO DE ACCESO ADICIONAL--NOMBRE DE PERSONA |
| Nombre de persona |
Mateo, Andrés L. |
| Fechas asociadas al nombre |
1946- |
| 9 (RLIN) |
776 |
| 700 1# - PUNTO DE ACCESO ADICIONAL--NOMBRE DE PERSONA |
| Nombre de persona |
Alam Lora, Elvis Antonio, |
| Término indicativo de función/relación |
prólogo |
| 9 (RLIN) |
86168 |
| 910 ## - DATOS DE OPCIÓN DEL USUARIO (OCLC) |
| Datos de opción del usuario |
Validado. Control de calidad MFF |
| 942 ## - ELEMENTOS DE PUNTO DE ACCESO ADICIONAL (KOHA) |
| Fuente del sistema de clasificación o colocación |
Dewey Decimal Classification |
| Tipo de ítem Koha |
Libro |